[Event "Masters"]
[Site "Kilkenny IRL"]
[Date "1999.11.27"]
[Round "4"]
[White "Hodgson,Ju"]
[Black "Hebden,M"]
[Result "1/2-1/2"]
[WhiteElo "2605"]
[BlackElo "2510"]

1.d4 Nf6 2.Bg5 Ne4 3.h4 h6 4.Bf4 c5 5.d5 Qb6 6.Nd2 Nxd2 7.Bxd2 e5 8.dxe6 dxe6
9.Bc3 Nc6 10.e3 Bd7 11.Nf3 O-O-O 12.Nd2 Qc7 13.a3 Kb8 14.h5 e5 15.Bb5 Be7
16.Bxc6 Bxc6 17.Qg4 Bg5 18.O-O-O f6 19.Rhf1 Bb5 20.Rfe1 Rhf8 21.Qg3 Bc6 22.Rf1 e4
23.Qxc7+ Kxc7 24.Rh1 Rd5 25.Nf1 Rf5 26.Be1 Re5 27.Bc3 Rf5 28.Rd2 Rd8 29.Rxd8 Kxd8
30.Be1 Re5 31.Ng3 Bd7 32.Bc3 Re7 33.Rd1 Kc7 34.b4 b6 35.bxc5 bxc5 36.Rd5 Kc6
37.Rxc5+ Kxc5 38.Bb4+ Kd5 39.Bxe7 Bh4 40.Ne2 Bxf2 41.Nf4+ Kc4 42.Kd2 Bg3
43.Bf8 Bg4 44.Bxg7 Bxf4 45.exf4 f5 46.Bxh6 Bxh5 47.Bg7 Bg4  1/2-1/2

[Event "Masters"]
[Site "Kilkenny IRL"]
[Date "1999.11.27"]
[Round "4"]
[White "Landenberger,M"]
[Black "McMahon,D"]
[Result "0-1"]
[WhiteElo "2143"]
[BlackElo "2230"]

1.d4 Nf6 2.Bg5 Ne4 3.Bf4 d5 4.f3 Nf6 5.Nc3 Bf5 6.Qd2 e6 7.O-O-O c5 8.e4 dxe4
9.g4 Bg6 10.Bxb8 Rxb8 11.Bb5+ Ke7 12.g5 Nd5 13.Nxe4 Nc7 14.Be2 cxd4 15.Qb4+ Ke8
16.Qa4+ Qd7 17.Qxa7 Rd8 18.Bc4 Be7 19.Qxb7 Bxe4 20.Qxe4 Bxg5+ 21.f4 f5 22.Qf3 Bf6
23.Ne2 Qa4 24.Bb3 Qa7 25.Rhe1 Kf7 26.Kb1 g6 27.Nc1 Nd5 28.Nd3 Ne3 29.Rd2 Qc7
30.Rde2 Rhe8 31.h4 Kg7 32.h5 g5 33.fxg5 Bxg5 34.h6+ Kf6 35.Rg1 Rg8 36.Rh1 Rg6
37.c3 e5 38.cxd4 e4  0-1

[Event "Masters"]
[Site "Kilkenny IRL"]
[Date "1999.11.28"]
[Round "5"]
[White "Landenberger,M"]
[Black "O'Donovan,R"]
[Result "1/2-1/2"]
[WhiteElo "2143"]
[BlackElo "2175"]

1.d4 Nf6 2.Bg5 Ne4 3.Bf4 c5 4.f3 Nf6 5.dxc5 Qa5+ 6.Qd2 Qxc5 7.e4 e5 8.Be3 Qc7
9.Ne2 Bc5 10.Nbc3 a6 11.O-O-O d6 12.g4 Be6 13.Ng3 Bb4 14.a3 Bxc3 15.Qxc3 Qxc3
16.bxc3 Ke7 17.g5 Ne8 18.f4 exf4 19.Bxf4 g6 20.e5 d5 21.Bg2 Nc7 22.c4 dxc4
23.Bxb7 Ra7 24.Bg2 Nb5  1/2-1/2

[Event "National Chess Congress"]
[Site "Philadelphia USA"]
[Date "1999.11.28"]
[Round "6"]
[White "Fink,S"]
[Black "Karklins,A"]
[Result "1/2-1/2"]
[WhiteElo "2183"]
[BlackElo "2345"]

1.d4 Nf6 2.Bg5 Ne4 3.Bf4 d5 4.e3 c5 5.Bd3 e6 6.Nd2 Nxd2 7.Qxd2 Nc6 8.c3 Bd6
9.Bxd6 Qxd6 10.f4 Bd7 11.Nf3 O-O-O 12.O-O f6 13.Kh1 h6 14.dxc5 Qxc5 15.b4 Qd6
16.Rad1 g5 17.Be2 Kb8 18.b5 Ne7 19.c4 Qb6 20.Qc3 Rhf8 21.Qa3 Nf5 22.c5 Qc7
23.Rb1 b6 24.Rfc1 gxf4 25.exf4 Rg8 26.Bf1 Rc8 27.c6 Be8 28.Qc3 Qxf4 29.Rb4 Qd6
30.a4 Bh5 31.a5 Bxf3 32.axb6 axb6 33.Ra4 Ng3+ 34.hxg3 Qxg3 35.Qxf3 Qxf3 36.gxf3 Rg3
37.Rca1 Kc7 38.Ra8 Rxa8 39.Rxa8 Rxf3 40.Re8 Rxf1+ 41.Kg2 Rb1  1/2-1/2

[Event "ch-NED (qualifier KO)"]
[Site "Rotterdam NED"]
[Date "1999.12.04"]
[Round "1.1"]
[White "Janssen,R"]
[Black "Visser,Y"]
[Result "1-0"]
[WhiteElo "2448"]
[BlackElo "2378"]

1.d4 Nf6 2.Bg5 Ne4 3.Bf4 d5 4.e3 c5 5.Bd3 cxd4 6.exd4 Qb6 7.Bxe4 dxe4 8.Nc3 Nc6
9.d5 e5 10.Be3 Nd4 11.Nge2 Bg4 12.Bxd4 exd4 13.Qxd4 Qxd4 14.Nxd4 Bc5 15.h3 Bh5
16.Nf5 Bg6 17.g4 O-O-O 18.Rd1 Rhe8 19.Nxg7 Re5 20.Ke2 Rg8 21.Na4 Bd6 22.Nf5 Bxf5
23.gxf5 Rxf5 24.Nc3 Bc5 25.Nxe4 Re5 26.Kd3 Rxd5+ 27.Kc4 Rxd1 28.Rxd1 Bb6
29.Rd3 f5 30.Nd6+ Kc7 31.Nxf5 Bxf2 32.Rf3 Bb6 33.Ne7 Rg2 34.Nd5+ Kd6 35.Nxb6 axb6
36.Kd3 Ke5 37.a4 h5 38.Rf7 Rg3+ 39.Kc4 Rxh3 40.Rxb7 Rh2 41.b4 Rxc2+ 42.Kb5 Rd2
43.Rh7 Rd4 44.Rxh5+ Kd6 45.Rh6+ Kc7 46.Rc6+  1-0

[Event "Eu Team Ch (women)"]
[Site "Batumi GEO"]
[Date "1999.12.06"]
[Round "7"]
[White "Stefanova,A"]
[Black "Hagarova,Z"]
[Result "1-0"]
[WhiteElo "2444"]
[BlackElo "2328"]

1.d4 Nf6 2.Bg5 Ne4 3.Bf4 c5 4.d5 e6 5.f3 Bd6 6.Bxd6 Nxd6 7.e4 O-O 8.Qd2 exd5
9.Qxd5 Qb6 10.Qb3 Qxb3 11.axb3 f5 12.Nc3 Nc6 13.O-O-O Ne8 14.exf5 Rxf5 15.Bc4+ Kh8
16.Nge2 Rf8 17.Rhe1 d6 18.Ne4 Bf5 19.Nxd6 Nxd6 20.Rxd6 Nb4 21.c3 Nc2 22.Rg1 Ne3
23.Bd3 Rae8 24.Ng3 Bxd3 25.Rxd3 c4 26.bxc4 Nxc4 27.Rd7 Rb8 28.Re1 Nb6 29.Rd4 Kg8
30.Re7 Rf7 31.Rxf7 Kxf7 32.Ne4 Ke7 33.Nc5 h6 34.h4 Rc8 35.Nxb7 Rc4 36.Nd6 Rxd4
37.Nf5+ Kf6 38.Nxd4 h5 39.b3 g5 40.hxg5+ Kxg5 41.Kd2 h4 42.c4 Kf4 43.Ne2+  1-0

[Event "City-ch"]
[Site "Mar del Plata ARG"]
[Date "1999.12.06"]
[Round "11"]
[White "Corsi Ferrari,N"]
[Black "Braga,F"]
[Result "0-1"]
[WhiteElo "2330"]
[BlackElo "2461"]

1.d4 Nf6 2.Bg5 Ne4 3.Bf4 d5 4.Nd2 Bf5 5.f3 Nf6 6.g4 Bg6 7.h4 h5 8.g5 Nfd7
9.c3 e6 10.Qb3 Nb6 11.e4 Be7 12.Ne2 c5 13.a4 c4 14.Qd1 Nc6 15.a5 Nd7 16.Qa4 O-O
17.a6 Nb6 18.Qb5 Qd7 19.exd5 Nb4 20.Qxd7 Nd3+ 21.Kd1 Nxb2+ 22.Kc1 Nd3+ 23.Kb1 Nxd7
24.axb7 Rae8 25.Ka2 exd5 26.Bh3 Nb6 27.Bc7 Rb8 28.Bxb8 Rxb8 29.f4 Nf2 30.f5 Bh7
31.Raf1 Nxh1 32.Rxh1 Rxb7 33.Rb1 Bd6 34.Ng1 Re7 35.Ngf3 Na4 36.Rg1 Nxc3+
37.Kb2 Ne2 38.g6 c3+ 39.Kc2 Nxg1 40.gxh7+ Kxh7  0-1

[Event "Eu Team Ch"]
[Site "Batumi GEO"]
[Date "1999.12.07"]
[Round "9"]
[White "Orr,M"]
[Black "Lanka,Z"]
[Result "1-0"]
[WhiteElo "2350"]
[BlackElo "2504"]

1.d4 Nf6 2.Bg5 Ne4 3.Bf4 c5 4.f3 Nf6 5.d5 g6 6.Nc3 a6 7.e4 d6 8.a4 Bg7 9.Qd2 O-O
10.Bh6 Bxh6 11.Qxh6 e5 12.g3 Kh8 13.Bh3 Ng8 14.Qd2 f5 15.exf5 gxf5 16.Nge2 Nd7
17.O-O Rb8 18.f4 e4 19.Nd1 Qf6 20.Ne3 Ne7 21.b3 b6 22.c4 Qg7 23.Rab1 a5 24.Nc3 Nf6
25.Nb5 Ne8 26.Rf2 Bd7 27.Nc3 Nf6 28.Bf1 Ng6 29.Be2 Rf7 30.Kf1 Kg8 31.Ke1 Kf8
32.Kd1 Ke7 33.Kc2 Rbf8 34.Rg2 Kd8 35.Rbg1 Ne8 36.Ncd1 Nc7 37.Qc3 Qh6 38.Kb1 Na6
39.Nc2 Ne7 40.Nde3 Rf6 41.Qd2 Be8 42.Qd1 Rg6 43.Ka2 Bd7 44.Qa1 Rfg8 45.Qd1 Qf8
46.Qa1 Rh6 47.Qd1 Rh3 48.Nf1 Be8 49.Nfe3 Qh6 50.Rh1 Bf7 51.Qe1 Bh5 52.Bxh5 Qxh5
53.Nf1 Qf7 54.Qc3 Ng6 55.Qd2 Nf8 56.Nfe3 Nd7 57.Rhg1 Kc7 58.Qe2 Rg6 59.Qd2 Rgh6
60.Qe2 R6h5 61.Qd2 Qf6 62.Rf2 Qg6 63.Rgg2 Nf6 64.Qe2 Qe8 65.Qd2 Qd7 66.Qe2 Kb7
67.Qd2 Rh6 68.Qe2 Rg6 69.Rg1 Ng4 70.Nxg4 Rxg4 71.Qf1 Rh6 72.Qa1 Rg8 73.Qc3 Rhg6
74.Rfg2 Qc8 75.Kb2 R8g7 76.Qe3 Qe8 77.Qc3 Rg8 78.Qe3 Qf8 79.Qc3 Qh6 80.Qe3 Qh3
81.Kc1 Kc7 82.Kb2 Kd7 83.Kc1 Qh6 84.Qc3 Qf8 85.Kb2 Rg4 86.Ne3 R4g6 87.Nc2 h5
88.h4 Nb4 89.Nxb4 axb4 90.Qe3 R8g7 91.Kc2 Qg8 92.Kd1 Rg4 93.Qf2 R7g6 94.Kc1 Ke7
95.Kb1 Kf7 96.Kc1 Kg7 97.Kb1 Kh6 98.Kc1 Kh7 99.Kb1 Rg7 100.Kc1 Qh8 101.Kb1 Kh6
102.Qb2 R4g6 103.Kc1 Qe8 104.Qc2 Rg8 105.Kb1 R6g7 106.Kc1 Qg6 107.Qe2 Re7
108.Qe3 Qf6 109.Kd2 Qb2+ 110.Ke1 Qh8 111.Kf2 Reg7 112.Kf1 Rg4 113.Kf2 Rc8
114.Rd1 Qg7 115.Re1 Rg8 116.Reg1 Kh7 117.Kf1 b5 118.axb5 Ra8 119.Re2 Ra1+
120.Re1 Ra3 121.Rg2 Qf6 122.Kg1 Rg8 123.Kh2 Rga8 124.Rc2 Qg7 125.Ree2 Kg8
126.Re1 Kf7 127.Ree2 Ke7 128.Re1 Kd7 129.Ree2 Kc7 130.Re1 Kb6 131.Ree2 Qd4
132.Rcd2 Qc3 133.Rb2 Qg7 134.Rb1 Ra2 135.Kg2 Rxe2+ 136.Qxe2 Qc3 137.Kh3 Rg8
138.Rg1 Qh8 139.Rb1 Ra8 140.Qb2 Qd4 141.Qe2 Qh8 142.Qb2 Qc3 143.Qxc3 bxc3
144.Rc1 Ra2 145.Rxc3 Ka5 146.Re3 Rb2 147.g4 hxg4+ 148.Kg3 Rb1 149.Kg2 Ra1
150.h5 Kb4 151.h6 Ra8 152.Kg3 Rh8 153.Kh4 Rxh6+ 154.Kg5 Rh8 155.Kxf5 Rg8
156.Rg3 e3 157.Rxe3 g3 158.Re1 Kxb3 159.Rc1 g2 160.Ke6 g1=Q 161.Rxg1 Rxg1
162.Kxd6 Kxc4 163.b6 Rg6+ 164.Kc7 Kxd5 165.b7  1-0

[Event "Bundesliga 1999-2000"]
[Site "Bremen GER"]
[Date "1999.12.11"]
[Round "5"]
[White "Hodgson,Ju"]
[Black "Sax,G"]
[Result "1/2-1/2"]
[WhiteElo "2605"]
[BlackElo "2588"]

1.d4 Nf6 2.Bg5 Ne4 3.Bf4 c5 4.d5 Qb6 5.Bc1 d6 6.f3 Nf6 7.e4 e6 8.c4 exd5
9.cxd5 g6 10.Ne2 Bg7 11.Na3 O-O 12.Nc4 Qc7 13.Nc3 a6 14.a4 Nbd7 15.Be2 Nb6
16.Na3 Bd7 17.O-O Nxa4 18.Nxa4 b5 19.Nc3 b4 20.Bd2 bxa3 21.Rxa3 Rab8  1/2-1/2

[Event "Bundesliga 1999-2000"]
[Site "Castrop Rauxel GER"]
[Date "1999.12.11"]
[Round "5"]
[White "Schmidt,Bo"]
[Black "Kuraszkiewicz,M"]
[Result "1/2-1/2"]
[WhiteElo "2384"]
[BlackElo "2337"]

1.d4 Nf6 2.Bg5 Ne4 3.Bf4 c5 4.f3 Qa5+ 5.c3 Nf6 6.d5 Qb6 7.b3 g6 8.Nh3 d6
9.Nf2 Bg7 10.Qd2 a5 11.Na3 a4 12.Nc4 Qd8 13.Rb1 b5 14.Nb2 axb3 15.axb3 Ra2
16.e4 O-O 17.Bxb5 Nh5 18.Bh6 Bxh6 19.Qxh6 Qa5 20.Ba4 Qxc3+ 21.Qd2 Qf6 22.Nfd1 Ba6
23.Nc3 Ra3 24.Rc1 Qh4+ 25.Kd1 f5 26.g3 Qf6 27.Kc2 fxe4 28.fxe4 Qe5 29.Rhd1 Rf3
30.Re1 c4 31.Re3 cxb3+ 32.Bxb3 Rf8 33.Nb1 Ra1 34.Nc3 Rxc1+ 35.Kxc1 Nd7 36.Bc4 Bxc4
37.Nxc4 Qg7 38.Na5 Nhf6 39.Nc6 Ng4 40.Re2 Nge5 41.Kc2 Nf3 42.Qe3 Nde5 43.Nb5 Nc4  1/2-1/2

[Event "Cairnhill Open"]
[Site "Singapore SIN"]
[Date "1999.12.11"]
[Round "5"]
[White "Tu Hoang Thai"]
[Black "Nithiananthau,J"]
[Result "1/2-1/2"]
[WhiteElo "2269"]
[BlackElo "2117"]

1.d4 Nf6 2.Bg5 Ne4 3.Bf4 d5 4.f3 Nf6 5.Nc3 e6 6.e4 c5 7.Nb5 Na6 8.e5 Nd7
9.c3 Be7 10.Be3 O-O 11.f4 f6 12.Nf3 Qb6 13.b3 Nab8 14.exf6 Nxf6 15.dxc5 Bxc5
16.Nfd4 e5 17.fxe5 Ng4 18.Qd2 Nxe3 19.Qxe3 Nc6  1/2-1/2

[Event "5th Gudmundur Arason"]
[Site "Hafnarfjordur ISL"]
[Date "1999.12.13"]
[Round "2"]
[White "Bjornsson,B"]
[Black "Aagaard,J"]
[Result "1/2-1/2"]
[WhiteElo "2250"]
[BlackElo "2403"]

1.d4 Nf6 2.Bg5 Ne4 3.Bh4 c5 4.f3 g5 5.fxe4 gxh4 6.e3 Bh6 7.Kf2 Nc6 8.Nf3 Qb6
9.Na3 cxd4 10.exd4 Bg7 11.Nc4 Bxd4+ 12.Qxd4 Qxd4+ 13.Nxd4 Nxd4 14.Rd1 Nc6
15.Rd5 d6 16.Rh5 Be6 17.Rxh4 Rc8 18.c3 O-O 19.Be2 Bxc4 20.Bxc4 Ne5 21.Be2 Rc5
22.a3 Rfc8 23.Rd1 R8c6 24.Rh3 Nd7 25.Rg3+ Kf8 26.Rgd3 Re5 27.Rd4 Kg7 28.R1d3 Nf6
29.Bf3 Rc7 30.Rd2 Nd7 31.Rd5 Kf6 32.Rxe5 Nxe5 33.Be2 Rc5 34.Ke3 Ng6 35.g3 Ke5
36.Bh5 e6 37.Rf2 f6 38.Bxg6 hxg6 39.Kd3 Rc7 40.Rf1 Rh7 41.Rf2 g5 42.c4 a6
43.a4  1/2-1/2

[Event "Vikings GMB"]
[Site "York ENG"]
[Date "1999.12.14"]
[Round "2"]
[White "Summerscale,A"]
[Black "Paschall,W"]
[Result "1-0"]
[WhiteElo "2423"]
[BlackElo "2332"]

1.d4 Nf6 2.Bg5 Ne4 3.Bf4 c5 4.d5 Qb6 5.Bc1 e6 6.f3 Nf6 7.c4 exd5 8.cxd5 c4
9.e3 Bc5 10.Kf2 Qc7 11.Nc3 a6 12.Bxc4 O-O 13.Nge2 b5 14.Bb3 Re8 15.Nd4 Qb6
16.Qd3 Bb7 17.Rd1 d6 18.e4 Nbd7 19.Be3 Ne5 20.Qe2 Neg4+ 21.fxg4 Nxe4+ 22.Kf1 a5
23.Qf3 Nxc3 24.bxc3 a4 25.Bc2 Re5 26.Bf4 Bxd5 27.Qh3 Bc4+ 28.Kg1 g6 29.Kh1 Rae8
30.Bxe5 dxe5 31.Nf3 Be3 32.Qh4 h6 33.Be4 Kg7 34.Qg3 Bf2 35.Qh3 Be6 36.Bd5 Bc8
37.Nd2 f5 38.gxf5 gxf5 39.Qf3 Bh4 40.Nf1 Qg6 41.Ng3  1-0

[Event "Vikings GM"]
[Site "York ENG"]
[Date "1999.12.15"]
[Round "3"]
[White "Hodgson,Ju"]
[Black "Rowson,J"]
[Result "1/2-1/2"]
[WhiteElo "2605"]
[BlackElo "2490"]

1.d4 Nf6 2.Bg5 Ne4 3.h4 d5 4.Nd2 Bf5 5.e3 h6 6.Bf4 Nxd2 7.Qxd2 e6 8.Bd3 Bxd3
9.Qxd3 Nd7 10.Nf3 Bb4+ 11.c3 Bd6 12.h5 Qf6 13.Rh4 O-O-O 14.O-O-O Kb8 15.Bxd6 cxd6
16.e4 dxe4 17.Qxe4 Qe7 18.Rhh1 Nf6  1/2-1/2

[Event "Vikings Masters"]
[Site "York ENG"]
[Date "1999.12.15"]
[Round "3"]
[White "Bree,T"]
[Black "Resika,N"]
[Result "0-1"]
[WhiteElo "2272"]
[BlackElo "2251"]

1.d4 Nf6 2.Bg5 Ne4 3.Bf4 d6 4.f3 Nf6 5.e4 g6 6.Qd2 Nbd7 7.Nc3 e5 8.Be3 c6
9.a4 Bg7 10.dxe5 dxe5 11.Bc4 O-O 12.a5 Qe7 13.Qf2 Nh5 14.Nge2 Nf4 15.Nxf4 exf4
16.Bxf4 Qb4 17.Bb3 Nc5 18.Bd2 Nxb3 19.Ra4 Bxc3 20.Rxb4 Bxd2+ 21.Ke2 Bxb4
22.cxb3 b6 23.Qh4 Ba6+ 24.Kf2 Bc5+ 25.Kg3 Rad8 26.e5 Bc8 27.Qf6 Be6 28.h4 h5
29.Rc1 Rd4 30.axb6 Bxb6 31.Rxc6 Bd8  0-1

[Event "FSIMA December"]
[Site "Budapest HUN"]
[Date "1999.12.16"]
[Round "13"]
[White "Petran,Pa"]
[Black "Keatinge Clay,A"]
[Result "1-0"]
[WhiteElo "2371"]
[BlackElo "2278"]

1.d4 Nf6 2.Bg5 Ne4 3.Bf4 c5 4.e3 Qb6 5.Nc3 Nxc3 6.bxc3 d6 7.Bd3 g6 8.Ne2 Bg7
9.O-O O-O 10.Bg3 e5 11.Rb1 Qc6 12.Bb5 Qc7 13.dxe5 dxe5 14.Bc4 Nd7 15.Bd5 Nb6
16.c4 Rd8 17.Bh4 Re8 18.Nc3 Be6 19.e4 a6 20.Qe2 Rab8 21.Rfd1 Nc8 22.Rb3 Na7
23.Qe3 b5 24.Rdb1 b4 25.Na4 Bf8 26.a3 a5 27.axb4 cxb4 28.c3 Bd7 29.Ra1 Bxa4
30.Rxa4 bxc3 31.Qxc3 Rxb3 32.Qxb3 Rb8 33.Qd1 Nc6 34.h3 Nd4 35.Bg5 Rb2 36.Be3 Ne2+
37.Kh2 Nc3 38.Qa1 Nxa4 39.Qxa4 Rb4 40.Qe8 Qe7 41.Qa8 a4 42.c5 Qc7 43.c6 Qb8
44.Qa5 Bd6 45.Bc5 Bxc5 46.Qxc5 Rb2 47.c7 Qc8 48.Qe7  1-0

[Event "Vikings GM"]
[Site "York ENG"]
[Date "1999.12.18"]
[Round "6"]
[White "Hodgson,Ju"]
[Black "Sutovsky,E"]
[Result "1-0"]
[WhiteElo "2605"]
[BlackElo "2587"]

1.d4 Nf6 2.Bg5 Ne4 3.Bf4 c5 4.f3 Qa5+ 5.c3 Nf6 6.Nd2 cxd4 7.Nb3 Qb6 8.Qxd4 Nc6
9.Qxb6 axb6 10.Nd4 e5 11.Nxc6 exf4 12.Nd4 Bc5 13.Nh3 Nd5 14.e4 fxe3 15.Bc4 Nc7
16.Nf4 O-O 17.O-O-O b5 18.Nxb5 Nxb5 19.Bxb5 Rxa2 20.Kb1 Ra7 21.Bxd7 b5 22.Bxc8 Rxc8
23.Rd5 Rb7 24.Rhd1 g6 25.Rd8+ Rxd8 26.Rxd8+ Kg7 27.Rd5 Ba7 28.Kc2 Kf6 29.Kd3 g5
30.Ne2 h6 31.Nd4 b4 32.c4 Bb8 33.g3 Re7 34.Ke2 Rc7 35.Rd6+ Ke5 36.Rd5+ Kf6
37.b3 Ra7 38.Nc6 Ra2+ 39.Kxe3 Bc7 40.Rd2 Bb6+ 41.Ke2 Ra3 42.Nxb4 Bg1 43.Kf1 Bc5
44.Nd5+ Ke5 45.b4 Bf8 46.Re2+ Kf5 47.Kg2 Rd3 48.h4 Rd4 49.h5 g4 50.f4  1-0

[Event "Blitz"]
[Site "St Petersburg RUS"]
[Date "1999.12.25"]
[Round "3.2"]
[White "Chepukaitis,G"]
[Black "Svidler,P"]
[Result "0-1"]
[WhiteElo "2396"]
[BlackElo "2684"]

1.d4 Nf6 2.Bg5 Ne4 3.Bh4 c5 4.f3 Qa5+ 5.c3 Nf6 6.d5 Qb6 7.b3 e6 8.e4 exd5
9.e5 Nh5 10.Qxd5 Nf4 11.Qe4 Ng6 12.Bg3 Nc6 13.Nd2 Qa5 14.Ne2 b5 15.a4 Bb7
16.h4 h5 17.Kf2 Be7 18.Qf5 c4 19.b4 Qb6+ 20.Ke1 a6 21.Ne4 Nf8 22.Bf2 Qc7
23.f4 Ne6 24.Nd6+ Bxd6 25.exd6 Qxd6 26.axb5 axb5 27.Rxa8+ Bxa8 28.Qxb5 O-O
29.Be3 Qd3 30.Kf2 Re8 31.Rh3 d5 32.Rf3 Qc2 33.Qb6 d4  0-1

[Event "Young Masters"]
[Site "Groningen NED"]
[Date "1999.12.26"]
[Round "7"]
[White "Van der Marel,B"]
[Black "Niklasch,O"]
[Result "1/2-1/2"]
[WhiteElo "2220"]
[BlackElo "2363"]

1.d4 Nf6 2.Bg5 Ne4 3.Bf4 c5 4.d5 Qb6 5.Bc1 c4 6.e3 e6 7.dxe6 dxe6 8.Qd4 Qxd4
9.exd4 Nc6 10.c3 e5 11.f3 Nf6 12.Bxc4 exd4 13.Ne2 Bc5 14.cxd4 Nxd4 15.Nxd4 Bxd4
16.Bb5+ Ke7 17.Nc3 Be6 18.Bd2 Rac8 19.Ne2 Bc5 20.Nf4 Bd7 21.Bxd7 Kxd7 22.O-O-O Kc6
23.Kb1 Rhe8 24.Rc1 Kb5 25.Rc2 Bd6 26.Rhc1 Rxc2 27.Rxc2 h5 28.b3 a5 29.a4+ Ka6
30.h3 g6 31.Rc4 Bb8  1/2-1/2

[Event "107th ch-NZL"]
[Site "Auckland NZL"]
[Date "1999.12.31"]
[Round "4"]
[White "Sutherland,J"]
[Black "Perry,R NZL"]
[Result "0-1"]
[WhiteElo "2055"]
[BlackElo "2205"]

1.d4 Nf6 2.Bg5 Ne4 3.Bf4 c5 4.f3 Qa5+ 5.c3 Nf6 6.Nd2 cxd4 7.Nb3 Qb6 8.Qxd4 Qxd4
9.cxd4 d5 10.e3 b6 11.Rc1 Ba6 12.Bxb8 Bxf1 13.Rc8+ Kd7 14.Rc7+ Kd8 15.Kxf1 a5
16.Rb7 a4 17.Nc1 Kc8 18.Rxb6 Nd7 19.Rc6+ Kxb8 20.Nge2 Kb7 21.Rc3 e6 22.Nd3 Bd6
23.Kf2 Rhc8 24.Rhc1 Rxc3 25.Rxc3 f6 26.Nef4 Re8 27.Nc5+ Nxc5 28.dxc5 Bxf4
29.exf4 Kc6 30.b4 axb3 31.axb3 Rb8 32.f5 e5 33.f4 e4 34.Rg3 Kxc5 35.Rxg7 Rxb3
36.Rxh7 d4 37.Rc7+ Kd5 38.Rd7+ Kc4 39.Rc7+ Kd3 40.g4 e3+ 41.Kf3 Rb2 42.g5 Rxh2
43.Ra7 Rf2+ 44.Kg4 e2 45.Re7 fxg5 46.Kxg5 Rg2+ 47.Kh6 Rg4 48.f6 Rxf4 49.Kg5 Rf1
50.Re5  0-1

[Event "Agneaux St Lo op"]
[Site "Agneaux"]
[Date "1999.??.??"]
[Round "1"]
[White "Berkes, Ferenc"]
[Black "Moya, Clovis"]
[Result "1-0"]
[WhiteElo "2345"]
[BlackElo "1690"]

1.d4 Nf6 2.Bg5 Ne4 3.Bf4 d5 4.f3 Nf6 5.e4 dxe4 6.Nc3 exf3 7.Nxf3 Bf5 8.Ne5 h6
9.Bc4 e6 10.O-O c6 11.Nxf7 Kxf7 12.Bxb8 Bh7 13.Qg4 Qd7 14.Rae1 Ke7 15.Bxe6 Nxg4
16.Rf7+ Ke8 17.Rxd7 Nf6 18.Bf5+  1-0

[Event "Alushta zt (Women)"]
[Site "Alushta"]
[Date "1999.??.??"]
[Round "?"]
[White "Semenova, Lidia K"]
[Black "Kiseleva, Natalia"]
[Result "1/2-1/2"]
[WhiteElo "2280"]
[BlackElo "2316"]

1.d4 Nf6 2.Bg5 Ne4 3.Bf4 c5 4.f3 Qa5+ 5.c3 Nf6 6.Nd2 cxd4 7.Nc4 Qd8 8.cxd4 g6
9.Qd2 Bg7 10.Bh6 O-O 11.Bxg7 Kxg7 12.e3 d5 13.Ne5 Nfd7 14.Nxd7 Bxd7 15.Bd3 Qb6
16.Ne2 Bb5 17.Bxb5 Qxb5 18.O-O Nd7 19.a4 Qa6 20.Nc3 Nf6 21.a5 Rac8 22.Rfc1 Rc7
23.Na4 Rfc8 24.Rxc7 Rxc7 25.Nc5 Qb5 26.Rc1 Ne8 27.Kf2 b6 28.axb6 axb6 29.Nd3 Rxc1
30.Nxc1 Nd6  1/2-1/2

[Event "Alushta zt (Women)"]
[Site "Alushta"]
[Date "1999.??.??"]
[Round "?"]
[White "Semenova, Lidia K"]
[Black "Melamed, Tatiana"]
[Result "0-1"]
[WhiteElo "2280"]
[BlackElo "2328"]

1.d4 Nf6 2.Bg5 Ne4 3.Bf4 c5 4.f3 Qa5+ 5.c3 Nf6 6.d5 e6 7.e4 b5 8.a4 bxa4
9.Rxa4 Qb6 10.Bc4 Nh5 11.Bc1 Bd6 12.Ne2 O-O 13.O-O Nf6 14.Na3 exd5 15.exd5 Re8
16.Kh1 Bb7 17.Qd3 Bf8 18.Nc2 d6 19.Ng3 Nbd7 20.f4 Qc7 21.Ra1 Nb6 22.Ne3 Nxc4
23.Qxc4 a5 24.Qd3 g6 25.c4 Bg7 26.Bd2 a4 27.Bc3 Qe7 28.Rae1 Qd8 29.Nc2 Rxe1
30.Bxe1 Ba6 31.Na3 Qe7 32.Bc3 Re8 33.Qd1 Qd7 34.Re1 Kf8 35.Kg1 Rxe1+ 36.Qxe1 Qe7
37.Qxe7+ Kxe7 38.h3 Bh6 39.Bxf6+ Kxf6 40.Ne4+ Ke7 41.Nc3 Bxf4 42.Nxa4 Bc1
43.Kf2 Bc8 44.Nb5 Bf5 45.Ke2 h5 46.Nbc3 Bc2 47.Na2 Bf4 48.N4c3 Bb3 49.Kd3 Bh6
50.h4 f5 51.g3 Kd7 52.Ke2 Bxc4+ 53.Kf3 Bb3 54.Kf2 Ke7 55.Kf3 Kf6 56.Ke2 Ke5
57.Kf2 Bxa2 58.Nxa2 Kxd5 59.Nc3+ Ke5 60.Kf3 c4 61.Na4 Bc1 62.Nb6 d5 63.Na4 d4
64.Nb6 c3 65.bxc3 dxc3  0-1

[Event "Athens op"]
[Site "Athens"]
[Date "1999.??.??"]
[Round "5"]
[White "Gogolis, Alexandros"]
[Black "Tzermiadianos, Andreas"]
[Result "0-1"]
[WhiteElo "2242"]
[BlackElo "2454"]

1.d4 Nf6 2.Bg5 Ne4 3.Bf4 c5 4.dxc5 Qa5+ 5.Nd2 Qxc5 6.Nxe4 Qb4+ 7.Qd2 Qxe4
8.f3 Qa4 9.e4 Nc6 10.Ne2 d6 11.Nc3 Qa5 12.Bc4 Be6 13.Nd5 Qxd2+ 14.Bxd2 O-O-O
15.O-O-O Bd7 16.Bf4 Ne5 17.Bxe5 dxe5 18.Nc3 e6 19.Nb5 a6 20.Nd6+ Bxd6 21.Rxd6 Bc6
22.Rxd8+ Kxd8 23.Kd2 Ke7 24.Ke3 f5 25.Bd3 Kf6 26.Be2 h5 27.h4 g5 28.hxg5+ Kxg5
29.Bd3 Rc8 30.c3 Rd8 31.Bc4 Bb5 32.Bxb5 axb5 33.Rc1 fxe4 34.fxe4 Kg4 35.Rf1 Kg3
36.Rf6 Rg8 37.Rf2 Rg4 38.Rd2 h4 39.b3 Kh2  0-1

[Event "ROM-ch sf"]
[Site "Baile Tusnad"]
[Date "1999.??.??"]
[Round "8"]
[White "Dumitrescu, Dragos"]
[Black "Parligras, Cosmin"]
[Result "0-1"]
[WhiteElo "2394"]
[BlackElo "2249"]

1.d4 Nf6 2.Bg5 Ne4 3.Bh4 c5 4.f3 g5 5.fxe4 gxh4 6.e3 Bh6 7.Bc4 e6 8.Qe2 Qg5
9.Kf2 Rg8 10.Qf3 cxd4 11.exd4 Qc1 12.Qc3 Nc6 13.b4 b5 14.Bxb5 Bb7 15.Na3 Be3+
16.Kf3 Qxa3 17.Qxa3 Nxd4+ 18.Kxe3 Nxc2+ 19.Kf2 Nxa3 20.Bd3 f5 21.Re1 Rc8
22.Nf3 fxe4 23.Bxe4 Bxe4 24.Rxe4 Rc2+ 25.Ke3 Rgxg2 26.Rxh4 Rc3+ 27.Ke4 Re2+
28.Kf4 Rf2 29.Rh3 Nc4 30.Rd1  0-1

[Event "Regionalliga NO9899"]
[Site "Bayern"]
[Date "1999.??.??"]
[Round "?"]
[White "Bayer, Christian"]
[Black "Kordts, Wolfgang"]
[Result "1-0"]
[WhiteElo "2135"]
[BlackElo "2150"]

1.d4 Nf6 2.Bg5 Ne4 3.Bf4 c5 4.f3 Qa5+ 5.c3 Nf6 6.d5 d6 7.e4 g6 8.Na3 Qd8
9.Bd3 Bg7 10.Ne2 O-O 11.O-O a6 12.Nc4 b5 13.Ne3 Nbd7 14.Bg3 Nb6 15.Bc2 a5
16.Kh1 Ba6 17.f4 b4 18.Bd3 Bb7 19.c4 Nh5 20.Rb1 Nxg3+ 21.Nxg3 e6 22.f5 exf5
23.exf5 Nd7 24.Ng4 Nf6 25.Nxf6+ Bxf6 26.Ne4 Bd4 27.f6 Re8 28.Qd2 Rxe4 29.Bxe4 Bxf6
30.Qf4 Kg7 31.Rf3 Ra7 32.Rbf1 Bxb2 33.Qxf7+ Kh8 34.Bxg6  1-0

[Event "Regionalliga SW9899"]
[Site "Bayern"]
[Date "1999.??.??"]
[Round "?"]
[White "Schuster, Karsten"]
[Black "Maugg, Ludwig"]
[Result "0-1"]
[WhiteElo "2115"]
[BlackElo "2115"]

1.d4 Nf6 2.Bg5 Ne4 3.Bh4 c5 4.f3 g5 5.fxe4 gxh4 6.e3 Bh6 7.Bc4 e6 8.Qf3 Nc6
9.Ne2 Qg5 10.Kf2 O-O 11.Nbc3 a6 12.a4 b6 13.g3 f5 14.e5 h3 15.Rhd1 Bb7 16.Qf4 Qh5
17.Qh4 Qxh4 18.gxh4 f4 19.Ne4 fxe3+ 20.Ke1 Na5 21.Nd6 Bg2 22.Ng3 Nxc4 23.Nxc4 e2
24.Kxe2 Bf3+ 25.Ke1 Bxd1 26.Rxd1 cxd4 27.Nxb6 Rad8 28.Rxd4 Bf4 29.Rd3 Bxe5
30.Ne4 Rf4 31.Ng5 Rdf8 32.Nxd7 Rf1+ 33.Ke2 R8f2+ 34.Ke3 Bf4+ 35.Kd4 Bxg5
36.hxg5 Rxh2 37.Nf6+ Kg7 38.Kc3 Rc1 39.Nh5+ Kg6 40.Nf4+ Kf5 41.Nxh3 Rcxc2+
42.Kb4 Rxb2+ 43.Ka5 Kg4 44.Ng1 Rhf2 45.Kxa6 Rb1 46.Rd4+ Kg3 47.Rd3+ Kg2 48.Rd7 Kxg1
49.Rxh7 Rf4 50.a5 Rf5 51.g6 Rg5 52.g7 Kf2 53.Rh6 e5 54.Re6 Re1 55.Re7 e4
56.Kb6 e3 57.a6 Rb1+ 58.Kc7 e2 59.a7 Ra1 60.Rf7+ Kg3  0-1

[Event "Regionalliga SW9899"]
[Site "Bayern"]
[Date "1999.??.??"]
[Round "?"]
[White "Reppert, Stefan"]
[Black "Strehle, Isabel"]
[Result "1-0"]
[WhiteElo "1955"]
[BlackElo "1915"]

1.d4 Nf6 2.Bg5 Ne4 3.Bh4 g5 4.f3 gxh4 5.fxe4 Bg7 6.e3 c5 7.Bc4 Qb6 8.Qh5 e6
9.Nh3 cxd4 10.O-O Rf8 11.Ng5 dxe3 12.Kh1 Qxb2 13.c3 b5 14.Bd3 Bb7 15.Nxf7 Na6
16.Ne5+ Ke7 17.Na3 Bxe5 18.Qxh7+ Kd6 19.Bxb5 Kc5 20.Qxd7 Bxe4 21.Qe7+ Bd6
22.Qg5+ Kb6 23.Qxe3+ Bc5 24.Qxe4 Rxf1+ 25.Rxf1 Rc8 26.Nc4+  1-0

[Event "Landesliga Sued 9899"]
[Site "Bayern"]
[Date "1999.??.??"]
[Round "?"]
[White "Phildius, Bernhard"]
[Black "Schmidt, Anton"]
[Result "1-0"]
[WhiteElo "2195"]
[BlackElo "2105"]

1.d4 Nf6 2.Bg5 Ne4 3.h4 c5 4.dxc5 Qa5+ 5.Nd2 Nxg5 6.hxg5 Qxc5 7.g6 fxg6 8.Nb3 Qb6
9.Nh3 e6 10.e3 Be7 11.Nf4 O-O 12.Bd3 Rxf4 13.exf4 Qb4+ 14.Qd2 Qxd2+ 15.Nxd2 Nc6
16.c3 b6 17.O-O-O Bb7 18.g3 Rc8 19.Kb1 Rf8 20.Rh2 Nd8 21.Be4 Bxe4+ 22.Nxe4 d5
23.Nd2 h6 24.f3 Bd6 25.Re2 Bc7 26.c4 Rf5 27.cxd5 Rxd5 28.Rc1 Rd7 29.Nc4 Rd3
30.Rd2 Rxd2 31.Nxd2 Bd6 32.Rc8 Be7 33.Nc4 Kh7 34.Ne5 Bf6 35.Nd7 Nf7 36.Nf8+ Kg8
37.Nxe6+ Kh7 38.Nf8+ Kg8 39.Nxg6+ Kh7 40.f5 Bd4 41.Rf8  1-0

[Event "Regionalliga SW9899"]
[Site "Bayern"]
[Date "1999.??.??"]
[Round "?"]
[White "Altmann, Christoph"]
[Black "Trnovec, Mihaly"]
[Result "1-0"]
[WhiteElo "1985"]
[BlackElo "2015"]

1.d4 Nf6 2.Bg5 Ne4 3.Bf4 d5 4.Nd2 Nd6 5.e3 Bf5 6.c4 dxc4 7.Nxc4 e6 8.Qb3 b6
9.Rc1 g5 10.Bg3 Be7 11.Nxd6+ Bxd6 12.Bb5+ Kf8 13.Ne2 a6 14.Bd3 Bxd3 15.Bxd6+ Qxd6
16.Qxd3 Nd7 17.O-O Kg7 18.Ng3 Nf6 19.e4 Qd7 20.Rfd1 Rhd8 21.Qc3 c5 22.d5 Kg6
23.Qc2 e5 24.f3 Ne8 25.Nf5 Nd6 26.g4 Nxf5 27.gxf5+ Kg7 28.Rd2 Qe7 29.Rcd1 Rd6
30.Rg2 f6 31.a3 Rc8 32.Rc1 b5 33.Qd2 Kf7 34.Qa5 c4 35.Rgc2 Qa7+ 36.Kg2 Qe3
37.Qc3 Qc5 38.Qb4 Qb6 39.b3 a5 40.Qd2 Qc5 41.Qxa5 Qe3 42.bxc4 g4 43.fxg4 Qxe4+
44.Kh3 Qe3+ 45.Kg2 h5 46.Qc3 Qg5 47.Qf3 hxg4 48.Qe4 Rxc4 49.Rxc4 bxc4 50.Qxc4 Qd2+
51.Kg3 Qe3+ 52.Kg2 Qf3+ 53.Kg1 Qxf5 54.Rf1 Qd7 55.Qe4 Kg7 56.Rd1 Rb6 57.Qe3 Ra6
58.Kg2 Qd6 59.Qe4  1-0